000 00638nam a2200241Ia 4500
003 OSt
005 20220924132457.0
006 a|||||r|||| 00| 0
007 ta
008 220923b |||||||| |||| 00| 0 san d
024 _a58001
037 _cTextual
040 _aARTS
_cARTS
_bsan
041 _2san
_asan
082 _aQ1:42, 15G4
100 _aBharra Divakara
_9204323
245 0 _aSraddha charndrika ed by Visniuprasads Bhandari
260 _c1934
490 _aChowkhamba sanskrit serie s; 423-424
650 _aRELIGION
942 _hQ1:42, 15G4
_cTEXL
_2CC
999 _c430342
_d430342